000 01659nam a22002057a 4500
008 250619b |||ad||| |||| 00| 0 spa d
020 _a9789585387096
040 _aCO-JMCR
_bspa
_cCO-JMCR
_erda
_dCO-JMCR
041 0 _aspa
082 0 4 _a631.448
_bG21m
_223
100 1 _aGaravito Neira, Fabio,
_eautor
_944174
_d1969-
245 1 3 _aLa madre tierra suelos, plantas, ambiente /
_cFabio Garavito Neira.
264 1 _aBogotá :
_bSociedad Geográfica de Colombia,
_c2023.
300 _a360 páginas :
_bIlustraciones, graficas ;
_c24 cm.
504 _aIncluye referencias bibliográficas: páginas 351-360.
520 _aLos males que amenazan al mundo, como el del alimento, el agotamiento de las fuentes de agua potable, el calentamiento global, la tala de bosques y la destrucción de los suelos debida al mal manejo y a la erosión, obliga a que la humanidad preste mayor interés por conocer el más importante de los elementos del medio ambiente físico: el suelo. Un suelo productivo debe estar constituido por contenidos adecuados de materia orgánica (humus) y minerales, presentar una proporción equilibrada de poros grandes y pequeños que respondan por la aireación, el drenaje y la retención del agua, y debe estar habitado por miles de millones de organismos (algas, bacterias, hongos, actinomicetos, lombrices, insectos, etc.) que descomponen los residuos de plantas y animales muertos, transformándolos en humus y en elementos minerales para la nutrición de las plantas. En este sentido, el suelo debe considerarse como un ser vivo. (Tomado de la fuente).
650 2 4 _9308
999 _c31010
_d17394